00429 a2200133 4500008004100000020001600041050001400057100002100071245005700092260003900149300001300188500004000201650005400241121030b xxu||||| |||| 00| 0 eng d a99704051131 aLB 41.N72 a Nsubuga, E.H.K. aHelp yourself with edicational ideasc E H K Nsubuga c[1977]bM K Publishersa (Kampala) a iv,102p aincludes bibliographical references aEducation--Study and Teaching | General Education